000 00528nam a2200205Ia 4500
001 51735
008 140503s9999 xx 000 0 und d
020 _a9788126511099
040 _cPK-LaUMT
082 _a 515
_bBAR-I
100 _aBartle, Robert G.
245 _aIntroduction to real analysis
_cBartle, Robert G.<>Sherbert, Donald R.
250 _a3rd
260 _aNew Delhi,India:
_bJohn Wiley,
_c2005
300 _a388 p.
546 _aEN
650 _aReal analysis
700 _aSherbert, Donald R.
942 _cBK
999 _c49204
_d49204